| 000 | 00860cam a2200265 a 4500 | ||
|---|---|---|---|
| 001 | 2674 | ||
| 005 | 20250513092052.0 | ||
| 020 | _a9780064443081 | ||
| 040 |
_aDLC _cDLC _dDLC _beng |
||
| 050 | 0 | 0 | _aPZ7.C179 |
| 082 | 0 | 0 | _a813 |
| 100 | 1 |
_aCapucilli, Alyssa Satin _d1957- |
|
| 245 | 1 | 0 |
_aBiscuit / _cby Alyssa Satin Capucilli ; pictures by Pat Schories. |
| 260 |
_aNew York : _bHarperCollins , _c2000 |
||
| 300 |
_a24 pages : _bcolor illustrations ; _c24 cm. |
||
| 505 | 0 | _aD | |
| 520 | _aA puppy does all sorts of tricks in the process of learning the one his master is trying to teach him. | ||
| 521 |
_a160
_bLexile |
||
| 521 |
_aD
_bRAz-Plus |
||
| 650 | 0 | _aChildren's stories, American. | |
| 650 | 1 |
_aDogs _vFiction. |
|
| 700 | 1 |
_aSchories, Pat _eillustrator |
|
| 906 |
_a7 _bcbc _corignew _d1 _eocip _f20 _gy-gencatlg |
||
| 942 |
_2ddc _cBK _n0 |
||
| 999 |
_c2674 _d2674 |
||